Cálculo de depósitos postensados cilíndricos
Na minha lista:
| Autor principal: | |
|---|---|
| Formato: | Desconhecido |
| Publicado em: |
[San José, Costa Rica]
1970
|
| Tags: |
Adicionar Tag
Sem tags, seja o primeiro a adicionar uma tag!
|
MARC
| LEADER | 00000 a2200000 4500 | ||
|---|---|---|---|
| 003 | 011328 | ||
| 005 | 20221231143815.0 | ||
| 008 | 140114s1970 cr a m 000 ||s d | ||
| 040 | |c cru CEDI | ||
| 090 | |a TFG 393 | ||
| 100 | |a Picado Chacón, Rómulo |9 17873 | ||
| 245 | |a Cálculo de depósitos postensados cilíndricos | ||
| 260 | |c 1970 |a [San José, Costa Rica] | ||
| 300 | |a 52 hojas : cuadros, 3 fotografías originales (montadas), gráficos, ilustraciones, planos ; 28 cm | ||
| 500 | |a Tesis (Ingeniero Civil) Universidad de Costa Rica | ||
| 942 | |c TFG | ||
| 999 | |c 12286 |d 12286 | ||
